|
|
|
|
| LEADER |
01154nam a22002657a 4500 |
| 001 |
31281 |
| 003 |
BD-DhAAL |
| 005 |
20170123151125.0 |
| 008 |
170123s2014 bg ||||| |||| 00| 0 eng d |
| 040 |
|
|
|a BD-DhAAL
|c BD-DhAAL
|
| 082 |
|
|
|2 23
|a 657.450218
|
| 999 |
|
|
|c 37940
|d 37940
|
| 999 |
|
|
|c 37940
|
| 999 |
|
|
|c 37940
|
| 999 |
|
|
|c 37939
|
| 245 |
|
|
|a Handbook of Bangladesh quality control, auditing review, other assurance and related services pronouncements,
|n volume I :
|b Bangladesh Standards on Quality Control, Bangladesh Standards on Auditing and Bangladesh Auditing Practice Notes.
|
| 260 |
|
|
|a Dhaka :
|b The Institute of Chartered Accountants of Bangladesh,
|c 2014
|
| 300 |
|
|
|a 928 pages :
|b illustrations ;
|c 24 cm.
|
| 526 |
|
|
|a AAL
|
| 541 |
|
|
|e 31281
|
| 650 |
|
|
|a Auditing
|v Handbooks, manuals, etc.
|x Standards
|9 20932
|
| 710 |
|
|
|a The Institute of Chartered Accountants of Bangladesh
|9 20933
|
| 852 |
|
|
|a Ayesha Abed Library
|c General Stacks
|
| 942 |
|
|
|2 ddc
|c BK
|
| 952 |
|
|
|0 0
|1 0
|2 ddc
|4 0
|6 657_450218000000000_HAN
|7 0
|9 59958
|a BRACUL
|b BRACUL
|c GEN
|d 2017-01-23
|e Complimentary
|l 1
|m 16
|o 657.450218 HAN
|p 3010031281
|r 2024-05-20
|s 2024-02-05
|t 1
|w 2017-01-23
|y BK
|